Фауст / (Record no. 527132)
[ view plain ]
| 000 -LEADER | |
|---|---|
| fixed length control field | 01150nam a22002297a 4500 |
| 001 - CONTROL NUMBER | |
| control field | 000198888 |
| 003 - CONTROL NUMBER IDENTIFIER | |
| control field | AM-YEHGA |
| 005 - DATE AND TIME OF LATEST TRANSACTION | |
| control field | 20250618080113.0 |
| 008 - FIXED-LENGTH DATA ELEMENTS--GENERAL INFORMATION | |
| fixed length control field | 980119s1969 ru a|||gr|||||||||1|rus|d |
| 040 ## - CATALOGING SOURCE | |
| Original cataloging agency | AM-YeHGA |
| 041 1# - LANGUAGE CODE | |
| Language code of text/sound track or separate title | rus |
| Language code of original | ger |
| 090 ## - LOCALLY ASSIGNED LC-TYPE CALL NUMBER (OCLC); LOCAL CALL NUMBER (RLIN) | |
| -- | 565108 |
| 100 1# - MAIN ENTRY--PERSONAL NAME | |
| Personal name | Գյոթե, Յոհան Վոլֆգանգ ֆոն, |
| Dates associated with a name | 1749-1832 |
| 9 (RLIN) | 4141 |
| 245 10 - TITLE STATEMENT | |
| Title | Фауст / |
| Statement of responsibility, etc. | И.В. Гете; Пер. с нем. Б. Пастернака; Вступ. ст. и примеч. Н. Вильмонта. |
| 260 ## - PUBLICATION, DISTRIBUTION, ETC. | |
| Place of publication, distribution, etc. | Москва : |
| Name of publisher, distributor, etc. | Художественная литература, |
| Date of publication, distribution, etc. | 1969. |
| 300 ## - PHYSICAL DESCRIPTION | |
| Extent | 510 с. : |
| Other physical details | 13 л. ил. ; |
| Dimensions | 21 см. |
| 440 #0 - SERIES STATEMENT/ADDED ENTRY--TITLE | |
| Title | Библиотека всемирной литературы |
| Number of part/section of a work | Серия 1 |
| Name of part/section of a work | Литература Древнего Востока, Античного мира, Средних веков, Возрождения, XVII и XVIII веков |
| Volume/sequential designation | Т. 50 |
| 650 14 - SUBJECT ADDED ENTRY--TOPICAL TERM | |
| Topical term or geographic name entry element | Немецкая литература |
| 700 1# - ADDED ENTRY--PERSONAL NAME | |
| Personal name | Пастернак, Борис Леонидович |
| Dates associated with a name | 1890-1960 |
| Relator term | пер. |
| Relationship | trl |
| 700 1# - ADDED ENTRY--PERSONAL NAME | |
| Personal name | Вильмонт, Н. |
| Relator term | авт. вступ. ст. |
| Relationship | aui |
| Relator term | примеч. |
| Relationship | cmm |
| 942 ## - ADDED ENTRY ELEMENTS (KOHA) | |
| Source of classification or shelving scheme | Universal Decimal Classification |
| Koha item type | Գրքեր / Books |
| Withdrawn status | Lost status | Source of classification or shelving scheme | Damaged status | Not for loan | Collection | Home library | Current library | Date acquired | Total checkouts | Full call number | Barcode | Date last seen | Price effective from | Koha item type | Public note |
|---|---|---|---|---|---|---|---|---|---|---|---|---|---|---|---|
| Universal Decimal Classification | General | Fundamental Scientific Library | Fundamental Scientific Library | 03/03/2023 | PII/660456 | FL0679484 | 03/03/2023 | 03/03/2023 | Գրքեր / Books | 30 Days Loan |
ՀՀ Գիտությունների ազգային ակադեմիայի հիմնարար գիտական գրադարան = Fundamental Scientific Library of NAS RA
All site content, except where otherwise noted, is licensed under a